00532nam a2200145Ia 4500008004100000041000800041082001700049100001700066245003500083260004500118300001000163520004200173999001700215952015400232240719s9999 xx 000 0 und d aeng a658.3124 TRA aTracy, Brian aCreativity And Problem Solving aNew DelhibManjul Publishing Housec2018 a107 P aFaculty Purchase By Dr. Senthil Kumar c41138d41138 00104070aIMTNbIMTNcRack 26-Ad2022-10-05eAmazong225.00l4m2o658.3124 TRAp32833q2026-01-18r2026-01-08 15:39:59s2026-01-08w2022-04-21yBK